000 00270nam a2200109Ia 4500
008 220204s9999 xx 000 0 und d
082 _a338.43.01(540)
_bMAT
245 0 _aRural development in India
260 _aDelhi
_bAgricole
_c1981
700 _aMathew, T
942 _cBK
999 _c36610
_d36610